00209 a2200085 450000100060000004000220000624000190002824500170004765000590006451154 cAnchieta - Pituba10aGeni@l Klickl10aGeni@l Klick 4aLínguas germânicas (teutônicas) língua alemã